Sněhová bouře /
Sbírka poezie ze života slečny s hraniční poruchou osobnosti. Každodenní strasti, boj se závislostmi, hledání odpovědí.
Uloženo v:
| Hlavní autor: | |
|---|---|
| Médium: | E-kniha |
| Jazyk: | Czech |
| Vydáno: |
V Praze :
Pointa,
2024
|
| Vydání: | První vydání |
| Témata: | |
| Tagy: |
Žádné tagy |
| LEADER | 02042nam a2200373 i 4500 | ||
|---|---|---|---|
| 001 | 312261 | ||
| 003 | CZ PrSKC | ||
| 005 | 20260601215719.0 | ||
| 007 | ta | ||
| 008 | 240202s2024 xr a g 000 p cze | ||
| 015 | |a cnb003584320 | ||
| 020 | |a 9788076912397 |q (brožováno) : |c Kč 229,00 | ||
| 035 | |a (OCoLC)1429250837 | ||
| 040 | |a ABG001 |b cze |e rda | ||
| 072 | 7 | |a 821.162.3-1 |x Česká poezie |2 Konspekt | |
| 080 | |a 821.162.3-1 |2 MRF | ||
| 080 | |a (0:82-1) |2 MRF | ||
| 100 | 1 | |a Víta, Adéla, |d 2004- |7 xx0313476 |4 aut | |
| 245 | 1 | 0 | |a Sněhová bouře / |c Adéla Víta |
| 250 | |a První vydání | ||
| 264 | 1 | |a V Praze : |b Pointa, |c 2024 | |
| 300 | |a 109 stran : |b ilustrace ; |c 21 cm | ||
| 336 | |a text |b txt |2 rdacontent | ||
| 337 | |a bez média |b n |2 rdamedia | ||
| 338 | |a svazek |b nc |2 rdacarrier | ||
| 520 | 2 | |a Sbírka poezie ze života slečny s hraniční poruchou osobnosti. Každodenní strasti, boj se závislostmi, hledání odpovědí. |b Sbírka volných veršů, kterou autorka napsala v době, kdy se u ní poprvé začaly projevovat známky poruchy osobnosti, ale stále byla příliš mladá, aby dostala diagnózu. Psaní jí alespoň na chvilku pomáhalo přestat cítit tolik emocí najednou nebo naopak pomáhalo s nesnesitelným prázdnem, které výboje emocí střídalo. Má okolo sebe spoustu známých se stejnou diagnózou a těm její texty pomáhají vědět, že na to nejsou sami. Proto věří, že kniha může pomoci i spoustě z vás. Nakladatelská anotace. | |
| 655 | 7 | |a česká poezie |7 fd133958 |2 czenas | |
| 655 | 9 | |a Czech poetry |2 eczenas | |
| 900 | |a ABA001 |b 19 | ||
| 928 | 9 | |a Albatros Media - Pointa | |
| 044 | |a xr | ||
| 910 | |a RBIT002 | ||
| 998 | |d 395869 |a https://core.palmknihy.cz/api/books/395869/cover?s7nral |b https://core.palmknihy.cz/api/books/395869/cover/400?s7nral |c https://core.palmknihy.cz/api/books/395869/cover/50?s7nral |e 2028-01-30 |g 112 |i 9788076912397 |k https://core.palmknihy.cz/api/books/395869/preview.pdf |l |q 49 |r 1 |s https://www.palmknihy.cz/kniha/395869 |t ebook |y 2024 |z 0 | ||
| 999 | |d 312259 | ||